Wskaznik Big Mac - Statystyki

Ogólne statystyki
  • Ten quiz został rozwiązany 115 razy
    112 od ostatniego zresetowania
  • Średni wynik to 9 z 20
Statystyki odpowiedzi
Cena Państwo % Poprawnych
22,94 zł Stany Zjednoczone
93%
10,7 min Stany Zjednoczone
93%
8,70 zł Rosja
79%
21,15 zł Kanada
73%
10,4 min Japonia
63%
7,95 zł Ukraina
61%
78,4 min Meksyk
56%
24,27 zł Szwecja
56%
21,73 zł Norwegia
54%
27,35 zł Szwajcaria
49%
10,6 min Szwajcaria
49%
7,29 zł Egipt
40%
62,5 min Egipt
40%
10,3 min Luksemburg
32%
9,12 zł Indonezja
22%
66,7 min Indonezja
22%
8,74 zł Malezja
16%
87,5 min Filipiny
13%
172,6 min Kenia
11%
8,6 min Hongkong
9%
Nie znaleziono quizów pasujących do podanych kryteriów
Rozkład punktacji
Procent ludzi z każdym wynikiem
Percentyl według liczby udzielonych odpowiedzi
Twoja historia wyników
Nie rozwiązałeś tego quizu od ostatniego zresetowania